Statistics for Most Visited Countries by Chinese

Click here to take the quiz!

General Stats

  • This quiz has been taken 16,944 times
    (16,890 since last reset)
  • The average score is 11 of 14

Answer Stats

# Tourists Country % Correct
553,846United States
99%
1,394,203Japan
97%
619,294France
90%
413,333Australia
89%
3,546,921South Korea
88%
2,884,539Thailand
84%
440,683Vietnam
81%
397,611Germany
81%
646,048Indonesia
80%
497,453Italy
76%
2,671,350Taiwan
73%
677,836Malaysia
71%
990,159Singapore
67%
436,771Switzerland
21%

Score Distribution

Percentile by Number Answered

Percent of People with Each Score

Your Score History

You have not taken this quiz since the last reset